| 000 | 00870nam a2200277 a 4500 | ||
|---|---|---|---|
| 001 | 24909 | ||
| 003 | CO-ViMGA | ||
| 008 | 141112s2004 ck r 000 u spa d | ||
| 020 | _a9789583801853 | ||
| 040 |
_aCO-ViMGA _bspa _cCO-ViMGA |
||
| 041 | _aSPA | ||
| 090 | _aA BRO1 | ||
| 100 | 1 | _aBrowne, Anthony | |
| 245 | 1 | 0 |
_aCosas que me gustan / _ctexto e ilustraciones de Anthony Browne ; traducción de Carmen Esteva |
| 250 | _a1a ed. 1a reimp. | ||
| 260 |
_aBogotá : _bFondo de Cultura Económica, _c2012 |
||
| 300 | _a18 p. : il. col. : il. | ||
| 490 | _aLos especiales de A la orilla del viento | ||
| 650 | 1 | 4 |
_aCHIMPANCES - CUENTO _937345 |
| 650 | 1 | 4 |
_aCUENTOS INFANTILES INGLESES _915884 |
| 650 | 1 | 4 |
_aDESDE LOS 18 MESES _937346 |
| 650 | 1 | 4 |
_aLIBROS DE IMAGENES _929438 |
| 700 | 1 | _aBrowne, Anthony | |
| 700 | 1 |
_aEsteva, Carmen _937347 |
|
| 942 |
_2ddc _cBK |
||
| 999 |
_c2503 _d2503 |
||